Article 370 : (Record no. 91319)

MARC details
000 -LEADER
fixed length control field 00889nam a22002537a 4500
010 ## - LCCN (DPL NO)
LC control number ENG-112135
020 ## - INTERNATIONAL STANDARD BOOK NUMBER
International Standard Book Number 9780199455263
Terms of availability 495.00
020 ## - INTERNATIONAL STANDARD BOOK NUMBER
International Standard Book Number 0199455260
Terms of availability 495.00
035 ## - SYSTEM CONTROL NUMBER
System control number EN-95667
037 ## - SOURCE OF ACQUISITION
Source of stock number/acquisition DBAD/PUB
082 ## - DEWEY DECIMAL CLASSIFICATION NUMBER
Classification number 342.5411
100 ## - MAIN ENTRY--PERSONAL NAME
Personal name Noorani, A.G.
245 ## - TITLE STATEMENT
Title Article 370 :
Statement of responsibility, etc by A.G. Noorani
Remainder of title a constitutional history of Jammu and Kashmir /
246 ## - VARYING FORM OF TITLE
Title proper/short title Article three hundred seventy
246 ## - VARYING FORM OF TITLE
Title proper/short title Constitutional history of Jammu and Kashmir
260 ## - PUBLICATION, DISTRIBUTION, ETC. (IMPRINT)
Place of publication, distribution, etc New Delhi
Name of publisher, distributor, etc Oxford University Press
Date of publication, distribution, etc 2014
270 ## - ADDRESS
Address YMCA Library Building, 1, Jai Singh Road,
City New Delhi
Postal code 110001
300 ## - PHYSICAL DESCRIPTION
Extent xvi,487p.
Dimensions 23cm(pbk)
500 ## - GENERAL NOTE
General note Includes index
600 ## - SUBJECT ADDED ENTRY--PERSONAL NAME
Personal name India Constitution.
650 ## - SUBJECT ADDED ENTRY--TOPICAL TERM
Topical term or geographic name as entry element Constitutional history
Geographic subdivision India
-- Jammu and Kashmir.
650 ## - SUBJECT ADDED ENTRY--TOPICAL TERM
Topical term or geographic name as entry element Federal government
Geographic subdivision India
-- History.
942 ## - ADDED ENTRY ELEMENTS (KOHA)
Source of classification or shelving scheme Dewey Decimal Classification
Item type English Books
Call number suffix NOO
Classification part 342.5411
Holdings
Withdrawn status Lost status Not for loan Collection code Home library Current library Date acquired Source of acquisition Cost, normal purchase price Full call number Barcode Copy number Cost, replacement price Koha item type
    Not For Loan Non-fiction D.B.Act.Division D.B.Act.Division 09/02/2015 DBAD/PUB 495.00 342.5411 NOO EN-95667 1 495.00 English Books

© Delhi Public Library
Hit Counter
free hit counter